[Event "IMSA Blitz Men 2019"]
[Site "Hengshui"]
[Date "2019.05.17"]
[Round "2.2"]
[White "Wang, Hao"]
[Black "Dominguez Perez, Leinier"]
[Result "1/2-1/2"]
[WhiteElo "2735"]
[BlackElo "2750"]
[Annotator "ChessBase"]
[PlyCount "105"]
[EventDate "2019.05.17"]
[EventType "blitz"]
[EventCountry "CHN"]
[SourceTitle "playchess.com"]
[Source "ChessBase"]
[SourceQuality "1"]
[TimeControl "180+2"]

1. e4 {[%emt 0:00:00]} e5 {[%emt 0:00:00]} 2. Nf3 {[%emt 0:00:01]} Nc6 {[%emt 0:00:00]} 3. Bb5 {[%emt 0:00:02]} Nf6 {[%emt 0:00:00]} 4. Nc3 {[%emt 0:00:01]} Nd4 {[%emt 0:00:02]} 5. Ba4 {[%emt 0:00:03]} c6 {[%emt 0:00:01]} 6. d3 {[%emt 0:00:05]} a5 {[%emt 0:00:09]} 7. Bb3 {[%emt 0:00:06]} d6 {[%emt 0:00:16]} 8. h3 {[%emt 0:00:05]} b5 {[%emt 0:00:32]} 9. a3 {[%emt 0:00:09]} Nxb3 {[%emt 0:00:02]} 10. cxb3 {[%emt 0:00:02]} Be7 {[%emt 0:00:04]} 11. O-O {[%emt 0:00:02]} O-O {[%emt 0:00:02]} 12. d4 {[%emt 0:00:02]} Qc7 {[%emt 0:00:11]} 13. Qc2 {[%emt 0:00:13]} Ba6 {[%emt 0:00:22]} 14. Rd1 {[%emt 0:00:08]} b4 {[%emt 0:00:12]} 15. axb4 {[%emt 0:00:17]} axb4 {[%emt 0:00:01]} 16. Na4 {[%emt 0:00:02]} exd4 {[%emt 0:00:34]} 17. Nxd4 {[%emt 0:00:02]} c5 {[%emt 0:00:00]} 18. Nf5 {[%emt 0:00:01]} Bb7 {[%emt 0:00:01]} 19. f3 {[%emt 0:00:34]} Rfe8 {[%emt 0:00:37]} 20. Bf4 {[%emt 0:00:07]} Rad8 {[%emt 0:00:03]} 21. Qf2 {[%emt 0:00:28]} Bf8 {[%emt 0:00:08]} 22. Bg5 {[%emt 0:00:09]} Re6 {[%emt 0:00:01]} 23. Rac1 {[%emt 0:00:10]} Rde8 {[%emt 0:00:02]} 24. Bf4 {[%emt 0:00:06]} Nd7 {[%emt 0:00:14]} 25. Rd2 {[%emt 0:00:20]} Ne5 {[%emt 0:00:01]} 26. Rcd1 {[%emt 0:00:01]} Bc6 {[%emt 0:00:07]} 27. Ne3 {[%emt 0:00:07]} g6 {[%emt 0:00:07]} 28. Bxe5 {[%emt 0:00:04]} Rxe5 {[%emt 0:00:02]} 29. Nc4 {[%emt 0:00:01]} R5e6 {[%emt 0:00:01]} 30. Qg3 {[%emt 0:00:08]} Bg7 {[%emt 0:00:02]} 31. Nab6 {[%emt 0:00:13]} Bd4+ {[%emt 0:00:03]} 32. Rxd4 {[%emt 0:00:02]} cxd4 {[%emt 0:00:01]} 33. Rxd4 {[%emt 0:00:02]} Bb7 {[%emt 0:00:02]} 34. Kh1 {[%emt 0:00:03]} Qc5 {[%emt 0:00:00]} 35. Rd1 {[%emt 0:00:01]} Ba6 {[%emt 0:00:04]} 36. Qf4 {[%emt 0:00:05]} Bxc4 {[%emt 0:00:02]} 37. Nxc4 {[%emt 0:00:01]} Rd8 {[%emt 0:00:04]} 38. Ne3 {[%emt 0:00:02]} Qe5 {[%emt 0:00:01]} 39. Qh4 {[%emt 0:00:02]} Rf8 {[%emt 0:00:03]} 40. Nc4 {[%emt 0:00:01]} Qc5 {[%emt 0:00:01]} 41. Rd5 {[%emt 0:00:02]} Qa7 {[%emt 0:00:03]} 42. Qe1 {[%emt 0:00:02]} Qa6 {[%emt 0:00:02]} 43. Qxb4 {[%emt 0:00:02]} f5 {[%emt 0:00:02]} 44. exf5 {[%emt 0:00:05]} Rxf5 {[%emt 0:00:01]} 45. Rxf5 gxf5 {[%emt 0:00:00]} 46. Qb8+ {[%emt 0:00:05]} Kf7 {[%emt 0:00:02]} 47. Qc7+ {[%emt 0:00:01]} Kg6 {[%emt 0:00:03]} 48. Qd7 {[%emt 0:00:03]} Rf6 {[%emt 0:00:05]} 49. Qe8+ {[%emt 0:00:01]} Kg7 {[%emt 0:00:00]} 50. Qe7+ {[%emt 0:00:01]} Kg6 {[%emt 0:00:02]} 51. Qe8+ Kg7 52. Qe7+ {[%emt 0:00:04]} Kg6 {[%emt 0:00:00]} 53. Qe8+ {[%emt 0:00:02]} 1/2-1/2

[Event "IMSA Blitz Men 2019"]
[Site "Hengshui"]
[Date "2019.05.17"]
[Round "2.2"]
[White "Andreikin, Dmitry"]
[Black "Rapport, Richard"]
[Result "0-1"]
[WhiteElo "2722"]
[BlackElo "2736"]
[Annotator "TA"]
[PlyCount "50"]
[EventDate "2019.05.17"]
[EventType "blitz"]
[EventCountry "CHN"]
[SourceTitle "playchess.com"]
[Source "ChessBase"]
[SourceQuality "1"]

{[%evp 15,70,19,20,18,21,0,0,0,0,0,50,52,49,38,120,104,181,185,174,131,109,34,49,38,82,55,72,18,18,23,24,17,14,12,16,16,54,-148,-163,-196,-164,-920,-917,-910,-889,-939,-929,-1014,0,0,0,-1016,-1013,-29997,-1076,-29997,-29998]} 1. d4 Nf6 2. c4 e6 3. Nf3 b6 4. g3 Bb7 5. Bg2 Bb4+ 6. Bd2 Be7 7. O-O O-O 8. Nc3 Na6 9. d5 {E16: Queen's Indian: 4 g3 Bb7 5 Bg2 Bb4+} (9. Rc1 Re8 10. Bf4 Ne4 11. Nxe4 Bxe4 12. Qa4 Qc8 13. Rfd1 c5 14. d5 Bf6 15. dxe6 dxe6 16. Ne5 Bxg2 17. Kxg2 Nb4 18. Kg1 Bxe5 19. Bxe5 Nc6 20. Bc3 Qc7 {½-½ (20) Kuzubov,Y (2699)-Rapport,R (2707) Riadh 2017}) 9... exd5 10. Nh4 {[%cal Rc4d5]} c6 11. cxd5 {The position is equal.} Nxd5 12. Nf5 $1 Nac7 $146 ({Predecessor:} 12... Bf6 13. Nxd5 cxd5 14. Rb1 d6 15. Bf4 Be5 16. Bxe5 dxe5 17. Bxd5 Bxd5 18. Qxd5 {1-0 (47) Frias Pablaza,V (2480)-Ivanov,I (2485) New York 1994}) 13. e4 Nxc3 14. Bxc3 Ne6 (14... f6 $1 $14) 15. Qg4 $16 {[%cal Rf5g7][%mdl 1024] White has strong compensation.} Bf6 (15... f6 $16 {was worth a try.}) 16. e5 $18 Be7 17. Rad1 g6 18. f4 ({White should play} 18. Nxe7+ $16 Qxe7 19. Rd6) 18... Bc5+ $14 19. Kh1 h5 20. Qh3 gxf5 21. Qxh5 ({Better is} 21. b4 $1 $16) 21... Ng7 $1 $11 {[%cal Rg7h5]} 22. Qh6 Qe7 $1 {Threatens to win with ...Ba6.} ({Avoid the trap} 22... Ne6 $2 23. g4 $1 $18 {[%mdl 512]}) 23. Rd6 {Hoping for b4.} Ba6 $1 {[%cal Ra6f1]} 24. Rfd1 {Black must now prevent e6.} Rfd8 $1 {[#] aiming for ...Be2.} 25. g4 $1 {[%mdl 512] And now e6 would win.} Bc4 {Played: Ba6-e2} 0-1

[Event "IMSA Blitz Men 2019"]
[Site "Hengshui"]
[Date "2019.05.17"]
[Round "2.2"]
[White "Vidit, Santosh Gujrathi"]
[Black "Le, Quang Liem"]
[Result "1/2-1/2"]
[WhiteElo "2707"]
[BlackElo "2704"]
[Annotator "ChessBase"]
[PlyCount "161"]
[EventDate "2019.05.17"]
[EventType "blitz"]
[EventCountry "CHN"]
[SourceTitle "playchess.com"]
[Source "ChessBase"]
[SourceQuality "1"]
[TimeControl "180+2"]

1. d4 {[%emt 0:00:00]} Nf6 {[%emt 0:00:01]} 2. c4 {[%emt 0:00:01]} e6 {[%emt 0:00:01]} 3. g3 {[%emt 0:00:02]} c5 {[%emt 0:00:01]} 4. Nf3 {[%emt 0:00:01]} cxd4 {[%emt 0:00:02]} 5. Nxd4 {[%emt 0:00:01]} Qc7 {[%emt 0:00:01]} 6. Nc3 {[%emt 0:00:01]} a6 {[%emt 0:00:01]} 7. Bg2 {[%emt 0:00:01]} Qxc4 {[%emt 0:00:02]} 8. O-O {[%emt 0:00:02]} Nc6 {[%emt 0:00:01]} 9. Nb3 {[%emt 0:00:01]} d5 {[%emt 0:00:01]} 10. Bf4 {[%emt 0:00:02]} Be7 {[%emt 0:00:03]} 11. Rc1 {[%emt 0:00:01]} Qb4 {[%emt 0:00:01]} 12. a3 {[%emt 0:00:04]} Qb6 {[%emt 0:00:01]} 13. e4 {[%emt 0:00:01]} dxe4 {[%emt 0:00:01]} 14. Be3 {[%emt 0:00:01]} Qc7 {[%emt 0:00:05]} 15. Nc5 {[%emt 0:00:02]} O-O {[%emt 0:00:11]} 16. N5xe4 {[%emt 0:00:02]} Rd8 {[%emt 0:00:06]} 17. Qb3 {[%emt 0:00:15]} Nxe4 18. Nxe4 Rd5 {[%emt 0:00:34]} 19. Nc5 {[%emt 0:00:51]} Rd8 {[%emt 0:00:23]} 20. Na4 {[%emt 0:00:05]} Re8 {[%emt 0:00:33]} 21. Rfd1 {[%emt 0:00:22]} Rb8 {[%emt 0:00:14]} 22. Nb6 {[%emt 0:00:17]} h6 {[%emt 0:00:16]} 23. h4 {[%emt 0:00:06]} Bf8 {[%emt 0:00:11]} 24. Qa4 {[%emt 0:00:15]} e5 {[%emt 0:00:16]} 25. Nd5 {[%emt 0:00:05]} Qd6 {[%emt 0:00:04]} 26. Nb4 {[%emt 0:00:39]} Qe6 {[%emt 0:00:16]} 27. Nxc6 {[%emt 0:00:08]} bxc6 {[%emt 0:00:01]} 28. Rxc6 {[%emt 0:00:02]} Qb3 {[%emt 0:00:02]} 29. Qxb3 {[%emt 0:00:05]} Rxb3 {[%emt 0:00:01]} 30. Rd2 {[%emt 0:00:04]} Bb7 {[%emt 0:00:05]} 31. Rb6 {[%emt 0:00:11]} Rxb6 {[%emt 0:00:01]} 32. Bxb6 {[%emt 0:00:00]} Bxg2 {[%emt 0:00:01]} 33. Kxg2 {[%emt 0:00:01]} f6 {[%emt 0:00:03]} 34. b4 {[%emt 0:00:02]} Kf7 {[%emt 0:00:02]} 35. Rd7+ {[%emt 0:00:04]} Re7 {[%emt 0:00:01]} 36. Rd8 {[%emt 0:00:04]} Re6 {[%emt 0:00:02]} 37. Be3 {[%emt 0:00:02]} Rc6 {[%emt 0:00:03]} 38. Ra8 {[%emt 0:00:02]} h5 {[%emt 0:00:02]} 39. Kf3 {[%emt 0:00:02]} Be7 {[%emt 0:00:04]} 40. Ra7 {[%emt 0:00:02]} Ke6 {[%emt 0:00:01]} 41. Ke2 {[%emt 0:00:01]} g6 {[%emt 0:00:06]} 42. Kd3 {[%emt 0:00:02]} f5 {[%emt 0:00:02]} 43. Rb7 {[%emt 0:00:02]} e4+ {[%emt 0:00:03]} 44. Kd2 {[%emt 0:00:02]} Bf6 {[%emt 0:00:02]} 45. a4 {[%emt 0:00:03]} Bc3+ {[%emt 0:00:03]} 46. Ke2 {[%emt 0:00:01]} Rc4 {[%emt 0:00:03]} 47. Rb6+ {[%emt 0:00:01]} Kf7 {[%emt 0:00:01]} 48. b5 {[%emt 0:00:08]} axb5 {[%emt 0:00:04]} 49. axb5 {[%emt 0:00:02]} Rb4 {[%emt 0:00:07]} 50. Rc6 {[%emt 0:00:01]} Rb3 {[%emt 0:00:05]} 51. b6 {[%emt 0:00:02]} Ba5 {[%emt 0:00:02]} 52. Bd4 {[%emt 0:00:01]} Rb1 {[%emt 0:00:02]} 53. Ke3 {[%emt 0:00:05]} Rb4 {[%emt 0:00:04]} 54. Rf6+ {[%emt 0:00:04]} Ke7 {[%emt 0:00:02]} 55. Rxg6 {[%emt 0:00:01]} Rb3+ {[%emt 0:00:03]} 56. Kf4 {[%emt 0:00:02]} Rb5 {[%emt 0:00:02]} 57. Rg5 {[%emt 0:00:03]} Bd2+ {[%emt 0:00:02]} 58. Be3 {[%emt 0:00:01]} Bxe3+ {[%emt 0:00:04]} 59. fxe3 {[%emt 0:00:01]} Kf6 {[%emt 0:00:00]} 60. Rxh5 {[%emt 0:00:01]} Ke6 {[%emt 0:00:04]} 61. g4 {[%emt 0:00:01]} Rb1 {[%emt 0:00:03]} 62. gxf5+ {[%emt 0:00:02]} Kd5 {[%emt 0:00:01]} 63. f6+ {[%emt 0:00:04]} Ke6 {[%emt 0:00:01]} 64. Kxe4 {[%emt 0:00:02]} Rxb6 {[%emt 0:00:01]} 65. Rh6 {[%emt 0:00:03]} Rb4+ {[%emt 0:00:03]} 66. Kf3 {[%emt 0:00:01]} Rb3 {[%emt 0:00:02]} 67. Kf4 {[%emt 0:00:01]} Rb1 {[%emt 0:00:01]} 68. e4 {[%emt 0:00:04]} Rf1+ {[%emt 0:00:02]} 69. Kg5 {[%emt 0:00:01]} Rg1+ {[%emt 0:00:01]} 70. Kh5 {[%emt 0:00:01]} Kf7 {[%emt 0:00:02]} 71. e5 {[%emt 0:00:01]} Re1 {[%emt 0:00:01]} 72. Rh7+ {[%emt 0:00:01]} Kf8 {[%emt 0:00:04]} 73. Re7 {[%emt 0:00:01]} Rg1 {[%emt 0:00:03]} 74. Kh6 {[%emt 0:00:02]} Rg4 {[%emt 0:00:04]} 75. h5 {[%emt 0:00:01]} Rg1 {[%emt 0:00:01]} 76. e6 {[%emt 0:00:03]} Rf1 {[%emt 0:00:03]} 77. Rf7+ Ke8 78. Kh7 {[%emt 0:00:06]} Rf5 {[%emt 0:00:02]} 79. Kg6 {[%emt 0:00:03]} Rf1 {[%emt 0:00:03]} 80. Ra7 {[%emt 0:00:00]} Rg1+ {[%emt 0:00:01]} 81. Kh6 {[%emt 0:00:01]} 1/2-1/2

[Event "IMSA Blitz Men 2019"]
[Site "Hengshui"]
[Date "2019.05.17"]
[Round "2.2"]
[White "Jones, Gawain C B"]
[Black "Bu, Xiangzhi"]
[Result "0-1"]
[WhiteElo "2702"]
[BlackElo "2729"]
[Annotator "ChessBase"]
[PlyCount "60"]
[EventDate "2019.05.17"]
[EventType "blitz"]
[EventCountry "CHN"]
[SourceTitle "playchess.com"]
[Source "ChessBase"]
[SourceQuality "1"]
[TimeControl "180+2"]

1. e4 {[%emt 0:00:00]} e5 {[%emt 0:00:00]} 2. d4 {[%emt 0:00:00]} exd4 {[%emt 0:00:01]} 3. Nf3 {[%emt 0:00:01]} Nc6 {[%emt 0:00:02]} 4. Bc4 {[%emt 0:00:03]} Nf6 {[%emt 0:00:02]} 5. e5 {[%emt 0:00:02]} d5 {[%emt 0:00:01]} 6. Bb5 {[%emt 0:00:01]} Ne4 {[%emt 0:00:02]} 7. Nxd4 {[%emt 0:00:01]} Bd7 {[%emt 0:00:01]} 8. Bxc6 {[%emt 0:00:07]} bxc6 {[%emt 0:00:01]} 9. O-O {[%emt 0:00:07]} Bc5 {[%emt 0:00:01]} 10. f3 {[%emt 0:00:06]} Ng5 {[%emt 0:00:01]} 11. Be3 {[%emt 0:00:02]} O-O {[%emt 0:00:02]} 12. Nc3 {[%emt 0:00:19]} f6 {[%emt 0:00:22]} 13. exf6 {[%emt 0:00:19]} Qxf6 {[%emt 0:00:04]} 14. Qd2 {[%emt 0:00:02]} Nf7 {[%emt 0:00:41]} 15. Nb3 {[%emt 0:00:09]} Bd6 {[%emt 0:00:06]} 16. f4 {[%emt 0:00:15]} Nh6 {[%emt 0:00:05]} 17. Bd4 {[%emt 0:00:04]} Bxf4 {[%emt 0:00:42]} 18. Bxf6 {[%emt 0:00:27]} Bxd2 {[%emt 0:00:01]} 19. Nxd2 {[%emt 0:00:41]} Rxf6 {[%emt 0:00:01]} 20. Rxf6 gxf6 {[%emt 0:00:01]} 21. Na4 {[%emt 0:00:10]} Re8 {[%emt 0:00:05]} 22. Nc5 {[%emt 0:00:06]} Bf5 {[%emt 0:00:01]} 23. Nf3 {[%emt 0:00:07]} Bxc2 {[%emt 0:00:06]} 24. Nd4 {[%emt 0:00:01]} Bg6 {[%emt 0:00:02]} 25. a4 {[%emt 0:00:11]} Nf5 {[%emt 0:00:05]} 26. Nxc6 {[%emt 0:00:01]} Re2 {[%emt 0:00:06]} 27. Nxa7 {[%emt 0:00:13]} Nh4 {[%emt 0:00:35]} 28. Nc6 {[%emt 0:00:01]} Rxg2+ {[%emt 0:00:01]} 29. Kh1 {[%emt 0:00:04]} Rxb2 {[%emt 0:00:01]} 30. a5 {[%emt 0:00:09]} Nf3 {[%emt 0:00:01]} 0-1

[Event "IMSA Blitz Men 2019"]
[Site "Hengshui"]
[Date "2019.05.17"]
[Round "2.2"]
[White "Korobov, Anton"]
[Black "Cheparinov, Ivan"]
[Result "0-1"]
[WhiteElo "2687"]
[BlackElo "2667"]
[Annotator "TA"]
[PlyCount "60"]
[EventDate "2019.05.17"]
[EventType "blitz"]
[EventCountry "CHN"]
[SourceTitle "playchess.com"]
[Source "ChessBase"]
[SourceQuality "1"]

{[%evp 16,60,0,-6,0,0,0,0,7,-11,-1,-20,-15,-38,-41,-39,-14,-112,-107,-84,-7,-13,-17,-34,-41,-137,-52,-88,-66,-67,-89,-78,-50,-57,-39,-116,-83,-147,-166,-499,-165,-158,-173,-496,-481,-1690,-1533]} 1. d4 Nf6 2. c4 e6 3. Nc3 Bb4 4. e3 O-O 5. Nge2 d5 6. a3 Be7 7. cxd5 exd5 8. Nf4 c6 9. Bd3 Na6 {E46: Nimzo-Indian: Rubinstein: 4 e3 0-0 5 Ne2 without early Bd3} 10. O-O Nc7 11. f3 b6 {The position is equal.} (11... Re8 12. Bd2 Bf8 13. Qe1 g6 14. g4 c5 15. Qf2 b6 16. h4 Bd6 17. Nce2 {0-1 (54) Caruana,F (2816)-Karjakin,S (2782) Leuven 2018}) 12. Bc2 c5 13. Kh1 $146 ({Predecessor:} 13. Bb3 Bb7 14. Bd2 Bd6 15. Nfe2 Qe7 16. Qe1 Rad8 17. Qf2 {0-1 (45) Sica,M (2248)-Obregon,C (2514) Buenos Aires 2019}) 13... Bb7 14. g4 Bd6 15. g5 Nd7 (15... Bxf4 16. gxf6 (16. exf4 Nh5 $11) 16... Bh6 17. fxg7 $14) 16. dxc5 ({Reject} 16. Qd3 g6 $15) (16. Rg1 $11 {remains equal.}) 16... Nxc5 $17 17. b4 {[%cal Bb2b4,Bb4c5][%mdl 32] [#]} Bxf4 (17... N5e6 $1 $17 18. Nxe6 Nxe6) 18. exf4 $11 d4 19. bxc5 dxc3 20. Qe1 {[#]} (20. Qxd8 $15 Rfxd8 21. cxb6 axb6 22. Rb1) 20... Nd5 (20... Nb5 $1 $17 {White must now prevent ...Re8.} 21. a4 Nd4 {[%mdl 64] Double Attack} 22. Qxc3 bxc5) 21. f5 Re8 $36 {[%mdl 2048] Black has some pressure.} 22. Qh4 Re2 23. Be4 bxc5 24. f6 Rxe4 25. fxe4 ({White should try} 25. Qxe4 $15 Qd7 26. Qh4) 25... Nc7 26. Be3 (26. Ra2 $142) 26... Qd3 $1 $17 {[%csl LRe3,LRe4][%mdl 64] Double Attack} 27. Bxc5 $2 (27. Rfe1) 27... Bxe4+ $2 (27... Ne6 28. Rad1 Bxe4+ 29. Kg1 Qe2) 28. Kg1 $19 Ne6 {[%mdl 1024] Black has strong compensation.} 29. Rad1 $2 (29. g6 hxg6 30. fxg7 Nxg7 31. Rae1) 29... Qe2 {[%csl Ge4][%cal Re2g2]} 30. Bf2 (30. Qf2 $142 Qg4+ {[%mdl 64] Double Attack} 31. Qg3 Qxg3+ 32. hxg3 Nxc5 33. Rd4) 30... Qf3 {Accuracy: White = 21%, Black = 48%.} 0-1

[Event "IMSA Blitz Men 2019"]
[Site "Hengshui"]
[Date "2019.05.17"]
[Round "2.2"]
[White "Fedoseev, Vladimir"]
[Black "Leko, Peter"]
[Result "0-1"]
[WhiteElo "2683"]
[BlackElo "2674"]
[Annotator "TA"]
[PlyCount "156"]
[EventDate "2019.05.17"]
[EventType "blitz"]
[EventCountry "CHN"]
[SourceTitle "playchess.com"]
[Source "ChessBase"]
[SourceQuality "1"]

{[%evp 18,156,10,10,9,12,15,7,14,2,15,0,0,-9,7,9,3,0,2,0,31,30,27,21,34,24,36,19,17,-12,0,-29,0,-37,7,-6,-13,-16,13,0,10,8,4,6,0,0,0,0,6,0,0,0,0,0,0,0,0,-62,-70,-69,-67,-70,-6,-102,-100,-94,-99,-85,-89,-185,-161,-178,-116,-121,-109,-92,-93,-345,-344,-337,-327,-316,-306,-282,-154,-154,-107,-275,-109,-568,-540,-1257,-908,-1910,-854,-1018,-1992,-5393,-3594,-12847,-9180,-6506,-5306,-29936,-9262,-29963,-29965,-29967,-29968,-29968,-29969,-29968,-29970,-29965,-29964,-29961,-29962,-29970,-29971,-29971,-29972,-29974,-29974,-29978,-29979,-29978,-29978,-29981,-29979,-29981,-29982,-29984,-29983,-29983,-29984,-29987,-29988,-29991,-29992,-29992,-29993]} 1. d4 Nf6 2. c4 e6 3. Nf3 d5 4. g3 Be7 5. Bg2 O-O 6. O-O dxc4 7. Qc2 a6 8. a4 Bd7 9. Qxc4 Bc6 10. Bf4 Bd6 {E05: Open Catalan: 5 Nf3 Be7} 11. Qc1 Nbd7 12. Nc3 Qe7 {The position is equal.} 13. a5 Rfe8 14. Rd1 {[#]} h6 $146 ({Predecessor:} 14... Rab8 15. Bd2 e5 16. dxe5 Nxe5 17. Nd4 Bxg2 18. Kxg2 {½-½ (49) Bu,X (2681)-Onischuk,A (2665) Tsaghkadzor 2015}) 15. h3 Rad8 16. Bxd6 cxd6 17. Qb1 Rc8 18. e4 Nf8 {[%cal Bd7f8,Bf8g6,Bg6e7,Be7c6,Bc6b4][%mdl 32]} 19. Nd2 Rc7 20. Qd3 Rec8 21. Re1 Qd8 22. f4 Ng6 23. Kh2 Ne7 24. Rac1 Bb5 25. Qb1 Nc6 26. Nxb5 axb5 27. Nb3 Nb4 28. Rxc7 Rxc7 29. Rc1 Rc4 30. e5 Nfd5 31. Bf1 Rxc1 32. Qxc1 dxe5 33. fxe5 Nc6 34. a6 Qb6 35. axb7 Qxb7 36. Bg2 Nce7 37. Qc5 (37. Qd2 $11) 37... Qa6 $15 38. Qa3 Qxa3 $1 39. bxa3 {[%mdl 4096] Endgame KBN-KNN} Nc3 ({Black should play} 39... Ne3 $1 $15) 40. Nc5 (40. Bf1 $1 $11 {keeps the balance.}) 40... Nf5 $17 41. Nb3 Nb1 42. Be4 Nxa3 43. Bxf5 (43. g4 $17 Ne3 44. Kg3) 43... exf5 {KN-KN} 44. Kg2 Kf8 (44... f6 $1 $19 45. Kf3 Kf7 46. exf6 Kxf6) 45. Kf3 Ke7 46. d5 Nc4 47. Nd4 $2 {[%mdl 8192]} (47. Kf4 $17) 47... Nxe5+ $19 48. Kf4 Kf6 49. Nxb5 Nc4 50. d6 g5+ ({Black should try} 50... g6 $19 51. d7 Ke7) 51. Kf3 $17 Nb6 52. g4 $2 (52. Nc7 $17) 52... fxg4+ $2 (52... Ke5 $1 $19 {Hoping for ...f4.} 53. gxf5 Kxf5) 53. hxg4 $2 {[%mdl 8192]} (53. Kxg4 $17 {nothing else works.} Kg6 54. Kg3) 53... Ke5 $19 54. Kg3 Nd7 55. Kf3 Kd5 56. Ke3 Ne5 57. Ke2 Kc6 58. Nd4+ Kxd6 59. Nf5+ Kd5 60. Nxh6 Ke4 $1 {[%cal Re4f4]} 61. Kf2 {[#]} Kf4 $1 {Black mates.} 62. Kg2 f6 63. Kh3 Kf3 64. Nf5 Nxg4 65. Nd4+ Kf4 66. Ne6+ Kf5 67. Ng7+ {[#]} Kg6 $1 68. Ne6 f5 69. Kg3 Ne5 70. Nc5 f4+ 71. Kg2 Kf5 72. Nb3 g4 73. Nd4+ Ke4 74. Ne6 Nf3 75. Nc5+ Ke3 76. Ne6 Nh4+ 77. Kh2 g3+ 78. Kh3 g2 {Accuracy: White = 30%, Black = 65%.} 0-1

[Event "IMSA Blitz Men 2019"]
[Site "Hengshui"]
[Date "2019.05.17"]
[Round "2.2"]
[White "Gelfand, Boris"]
[Black "Mamedov, Rauf"]
[Result "1-0"]
[WhiteElo "2676"]
[BlackElo "2650"]
[Annotator "TA"]
[PlyCount "57"]
[EventDate "2019.05.17"]
[EventType "blitz"]
[EventCountry "CHN"]
[SourceTitle "playchess.com"]
[Source "ChessBase"]
[SourceQuality "1"]

{[%evp 12,57,12,18,48,49,52,38,46,47,50,58,43,25,75,59,123,112,110,110,126,64,67,56,51,27,79,72,81,24,31,33,47,29,385,421,29986,29987,29995,29996,29996,29997,29997,29996,29996,29997,29997,29998]} 1. d4 d5 2. c4 e6 3. Nf3 Nf6 4. Nc3 Nbd7 5. Bg5 h6 6. Bh4 c6 7. e3 g5 {D51: Queen's Gambit Declined: 4 Bg5 Nbd7 sidelines} 8. Bg3 Nh5 9. Qc2 Nxg3 {White is slightly better.} 10. hxg3 Bg7 11. O-O-O Qe7 12. Kb1 Nb6 $146 ({Predecessor:} 12... O-O 13. Bd3 dxc4 14. Bxc4 Rd8 15. Ne4 {½-½ (31) Lenic,L (2650)-Haba,P (2444) Austria 2018}) 13. Ne5 dxc4 {[#]} ({Black should play} 13... Bxe5 $14 14. dxe5 Qc5) 14. Ne4 $1 $16 ({Don't play} 14. Nxc4 $6 Nxc4 15. Bxc4 Bd7 $11) 14... Bd7 15. Bxc4 Rf8 16. Bb3 (16. a4 $16) 16... O-O-O $14 17. Nc5 $36 {[%mdl 2048] White has the initiative.} Kb8 18. a4 {[%cal Ba2a4,Ba4a5][%mdl 32]} Be8 (18... Bc8 $1 $11) 19. a5 $16 Nd5 20. e4 (20. Rc1 $16) 20... Nc7 $1 $11 21. Ba4 a6 22. Nxb7 Kxb7 $2 {[%mdl 8192] [#]} (22... Rxd4 $1 $11 23. Nxc6+ (23. Rxd4 Bxe5 24. Rc4 Kxb7 $16) 23... Bxc6 24. Bxc6 Qb4 25. Rxd4 Bxd4) 23. Nxc6 $18 Bxc6 (23... Qd6 $18) 24. Qxc6+ {White mates.} Kc8 25. Rc1 {[%cal Rc6a8]} Kb8 26. Qb6+ Kc8 27. Qxa6+ Kb8 28. Qb6+ Kc8 29. a6 {Accuracy: White = 56%, Black = 41%.} 1-0

[Event "IMSA Blitz Men 2019"]
[Site "Hengshui"]
[Date "2019.05.17"]
[Round "3.1"]
[White "Yu, Yangyi"]
[Black "Cheparinov, Ivan"]
[Result "1-0"]
[WhiteElo "2739"]
[BlackElo "2667"]
[Annotator "RC"]
[PlyCount "91"]
[EventDate "2019.05.17"]
[EventType "blitz"]
[EventCountry "CHN"]
[SourceTitle "playchess.com"]
[Source "ChessBase"]
[SourceQuality "1"]
[TimeControl "180+2"]

1. e4 {[%emt 0:00:00]} c6 {[%emt 0:00:00]} 2. d4 {[%emt 0:00:01]} d5 {[%emt 0:00:00]} 3. e5 {[%emt 0:00:00]} c5 {[%emt 0:00:00]} 4. dxc5 {[%emt 0:00:01]} e6 {[%emt 0:00:02]} 5. Nf3 {[%emt 0:00:01]} Bxc5 {[%emt 0:00:01]} 6. Bd3 {[%emt 0:00:01]} Ne7 {[%emt 0:00:01]} 7. O-O {[%emt 0:00:02]} Ng6 {[%emt 0:00:01]} 8. Nbd2 {[%emt 0:00:02]} Nc6 {[%emt 0:00:02]} 9. Nb3 {[%emt 0:00:01]} Bb6 {[%emt 0:00:01]} 10. Re1 {[%emt 0:00:04]} O-O {[%emt 0:00:02]} 11. c3 {[%emt 0:00:01]} Bc7 {[%emt 0:00:06]} 12. Bxg6 {[%emt 0:00:13]} fxg6 {[%emt 0:00:01]} 13. a4 {[%emt 0:00:01]} Rf5 {[%emt 0:00:14]} 14. Nbd4 {[%emt 0:00:42]} Nxd4 {[%emt 0:00:02]} 15. Qxd4 {[%emt 0:00:12]} Bd7 {[%emt 0:00:13]} 16. Qg4 {[%emt 0:00:09]} Qe8 {[%emt 0:00:27]} 17. a5 {[%emt 0:00:04]} Qe7 {[%emt 0:00:23]} 18. Be3 {[%emt 0:00:38]} Bxe5 {[%emt 0:00:27]} 19. Nxe5 {[%emt 0:00:05]} Rxe5 {[%emt 0:00:01]} 20. Qg3 {[%emt 0:00:09]} Qf6 {[%emt 0:00:43]} 21. Bd4 {[%emt 0:00:26]} Rxe1+ {[%emt 0:00:01]} 22. Rxe1 {[%emt 0:00:00]} Qf7 {[%emt 0:00:03]} 23. Bxa7 {[%emt 0:00:10]} g5 {[%emt 0:00:11]} 24. b4 {[%emt 0:00:06]} Qf4 {[%emt 0:00:09]} 25. Be3 {[%emt 0:00:02]} Qxg3 {[%emt 0:00:03]} 26. hxg3 {[%emt 0:00:00]} h6 {[%emt 0:00:08]} 27. Bd4 {[%emt 0:00:02]} Kf7 {[%emt 0:00:02]} 28. g4 {[%emt 0:00:03]} Bb5 {[%emt 0:00:05]} 29. f3 {[%emt 0:00:02]} Rc8 {[%emt 0:00:06]} 30. Kf2 {[%emt 0:00:01]} Re8 {[%emt 0:00:02]} 31. Re5 {[%emt 0:00:04]} Kg6 {[%emt 0:00:02]} 32. g3 {[%emt 0:00:01]} Kf7 {[%emt 0:00:05]} 33. f4 {[%emt 0:00:01]} gxf4 {[%emt 0:00:03]} 34. gxf4 {[%emt 0:00:01]} Bc6 {[%emt 0:00:04]} 35. Kg3 {[%emt 0:00:01]} Bd7 {[%emt 0:00:06]} 36. f5 {[%emt 0:00:13]} Bc6 {[%emt 0:00:04]} 37. Kf4 {[%emt 0:00:01]} Bd7 {[%emt 0:00:03]} 38. Kg3 {[%emt 0:00:22]} Bc6 {[%emt 0:00:02]} 39. fxe6+ {[%emt 0:00:02]} Rxe6 {[%emt 0:00:01]} 40. Rxe6 {[%emt 0:00:01]} Kxe6 {[%emt 0:00:02]} 41. Bxg7 {[%emt 0:00:00]} Bb5 {[%emt 0:00:09]} 42. Bxh6 {[%emt 0:00:02]} Ke5 {[%emt 0:00:03]} 43. Kf3 {[%emt 0:00:08]} Bd3 {[%emt 0:00:01]} 44. Bg7+ {[%emt 0:00:01]} Ke6 {[%emt 0:00:02]} 45. Ke3 {[%emt 0:00:04]} Bb5 {[%emt 0:00:02]} 46. Kd4 {[%emt 0:00:01]} 1-0